Bryen and Langley Ltd v Martin Rodney Boston (Record no. 118360)

MARC details
000 -LEADER
fixed length control field 01473cam a2200205 4500
001 - CONTROL NUMBER
control field ABS68430
008 - FIXED-LENGTH DATA ELEMENTS--GENERAL INFORMATION
fixed length control field 041123n2004 000 0 eng u
035 ## - SYSTEM CONTROL NUMBER
System control number (Sirsi) u128095
245 ## - TITLE STATEMENT
Title Bryen and Langley Ltd v Martin Rodney Boston
260 ## - PUBLICATION, DISTRIBUTION, ETC.
Date of publication, distribution, etc. 2004
520 ## - SUMMARY, ETC.
Summary, etc. [2004] EWHC 2450 (TCC), 4 November 2004. Applicant building contractor (X) applied for summary judgment against respondent (Y) to enforce an arbitrator's decision. It was intended that JCT 1998 Private with Quantities should be used between the parties and whilst a letter makes reference to the contract, Y had not signed any contract. X sought a sum from Y under an interim certificate. Y failed to pay entire amount and X referred the matter to arbitration. Y contested the jurisdiction of the arbitrator. "Held" that a letter to a building contractor which stated that the intended form of contract was the JCT 1998 Private with Quantities did not in itself incorporate the terms of the contract. Therefore, an adjudicator did not have jurisdiction to consider whether X was owed money under an interim certificate for work done. View judgment at www.courtservice.gov.uk.
590 ## - LOCAL NOTE (RLIN)
Local note ABS
590 ## - LOCAL NOTE (RLIN)
Local note ABS
590 ## - LOCAL NOTE (RLIN)
Local note ABS
650 ## - SUBJECT ADDED ENTRY--TOPICAL TERM
Topical term or geographic name entry element BRYEN AND LANGLEY LTD V BOSTON
650 ## - SUBJECT ADDED ENTRY--TOPICAL TERM
Topical term or geographic name entry element JCT 1998 PRIVATE WITH QUANTITIES
650 ## - SUBJECT ADDED ENTRY--TOPICAL TERM
Topical term or geographic name entry element MANAGEMENT-DISPUTE AVOIDANCE, MANAGEMENT AND RESOLUTION-DISPUTE MANAGEMENT AND RESOLUTION-ARBITRATION
690 ## - LOCAL SUBJECT ADDED ENTRY--TOPICAL TERM (OCLC, RLIN)
Topical term or geographic name as entry element DISPUTE RESOLUTION-CASE LAW
942 ## - ADDED ENTRY ELEMENTS (KOHA)
Suppress in OPAC 0
Holdings
Withdrawn status Lost status Source of classification or shelving scheme Damaged status Not for loan Home library Current library Shelving location Date acquired Total Checkouts Full call number Barcode Date last seen Copy number Price effective from Koha item type
    Dewey Decimal Classification     London London Journal article 23/11/2004   ABS68430 128095-1001 06/08/2019 1 06/08/2019 Law report
    Dewey Decimal Classification     Virtual Virtual Online 23/11/2004   ONLINE 128095-2001 06/08/2019 1 06/08/2019 Law report